000 00375nam a2200157Ia 4500
008 151213s9999 xx 000 0 und d
100 _aDoglas
245 _aStatistics Technique in business & economics
_cDoglas
250 _a12th
260 _aNew York
_c2005
300 _a2145 p.
650 _aStatistics
650 _aStatistics
700 _aDoglas
999 _c1577
_d1577